000 00246nam a2200109Ia 4500
008 190216s9999||||xx |||||||||||||| ||und||
100 _aCain A J
245 4 _aThe Morphology Of Gymnosperms
260 _bHutchinson
650 _aBotany
942 _cBK
999 _c1165
_d1165